| 000 | 00937 a2200217 4500 | ||
|---|---|---|---|
| 001 | 57752 | ||
| 005 | 20260407155837.0 | ||
| 008 | 260407a2007 arg spa d | ||
| 003 | AR-UNSa-BCEJYS | ||
| 040 |
_aAR-UNSa-BCEJYS _bspa _cAR-UNSa-BCEJYS |
||
| 080 |
_a34(093) _xFuentes Históricas del Derecho |
||
| 245 | 1 | 0 | _aConfederación y federación en la génesis del Estado Argentino |
| 020 | _a978-950-29-1018-5 | ||
| 264 | 1 |
_aBuenos Aires : _bUniversidad de Buenos Aires. Facultad de Derecho. Departamento de Publicaciones _c2007 |
|
| 300 |
_a228 p. _c23 cm. |
||
| 520 | _a1. Presupuestos del federalismo moderno - 2. Revolución de Mayo y derechos de las ciudades - 3. Paraguay y Banda Oriental - 4. Década de 1810 en las Provincias Unidas - 5. Década de 1820 - 6. Época de Rosas - 7. Organización constitucional | ||
| 041 | _aspa | ||
| 942 | _cBK | ||
| 590 | _aniveau_biblio:m niveau_hierar:0 | ||
| 100 | 1 | _aLevaggi, Abelardo | |
| 999 |
_c6264 _d6264 |
||